[Event "Nichelino op 12th"]
[Site "Nichelino"]
[Date "2011.10.08"]
[Round "4"]
[White "Combina, Gabriele"]
[Black "Biancotti, Alessandro"]
[Result "1-0"]
[WhiteElo "1756"]
[BlackElo "1906"]
[PlyCount "99"]
[EventDate "2011.10.06"]
[EventType "swiss"]
[EventRounds "6"]
[EventCountry "ITA"]
[SourceTitle "EXT 2023"]
[Source "ChessBase"]
[SourceDate "2022.10.05"]
[SourceVersion "1"]
[SourceVersionDate "2022.10.05"]
[SourceQuality "1"]

1. d4 Nf6 2. Nf3 g6 3. Nc3 d5 4. Bf4 Bg7 5. e3 0-0 6. Be2 a6 7. Qd2 Nbd7 8. a3 Re8 9. Ne5 c6 10. h4 h5 11. f3 Nxe5 12. Bxe5 Nd7 13. Bxg7 Kxg7 14. g4 Nf6 15. g5 Nh7 16. f4 Bf5 17. Bd3 Qd7 18. Na4 Rab8 19. Nc5 Qc8 20. Bxf5 Qxf5 21. Qd3 Qxd3 22. Nxd3 Nf8 23. Ke2 Nd7 24. Rac1 Rec8 25. c4 dxc4 26. Rxc4 Nb6 27. Rc2 Nd7 28. Rhc1 e6 29. Nc5 Nxc5 30. dxc5 Re8 31. Rd1 Rbd8 32. Rxd8 Rxd8 33. Rd2 Rxd2+ 34. Kxd2 f6 35. Kd3 Kf7 36. Ke4 Ke7 37. gxf6+ Kxf6 38. b4 Kf7 39. Ke5 Ke7 40. e4 Kf7 41. f5 exf5 42. exf5 gxf5 43. Kxf5 Ke7 44. Kg5 Ke6 45. Kxh5 Kf5 46. a4 Kf6 47. Kg4 Kg6 48. Kf4 a5 49. bxa5 Kh5 50. Ke5 1-0